रोहित ज्ञानविज्ञान एन्साइक्लोपीडियां संचार एंव परिवर्तन प्रणाली (Record no. 47228)
[ view plain ]
| 000 -LEADER | |
|---|---|
| fixed length control field | 006380000a22001570004500 |
| 003 - CONTROL NUMBER IDENTIFIER | |
| control field | MACL |
| 005 - DATE AND TIME OF LATEST TRANSACTION | |
| control field | 20180118155734.0 |
| 008 - FIXED-LENGTH DATA ELEMENTS--GENERAL INFORMATION | |
| fixed length control field | 180118b xxu||||| |||| 00| 0 eng d |
| 040 ## - CATALOGING SOURCE | |
| Transcribing agency | macl |
| 100 ## - MAIN ENTRY--PERSONAL NAME | |
| Personal name | सिंह ,निशातं |
| 9 (RLIN) | 69290 |
| 245 ## - TITLE STATEMENT | |
| Title | रोहित ज्ञानविज्ञान एन्साइक्लोपीडियां संचार एंव परिवर्तन प्रणाली |
| 260 ## - PUBLICATION, DISTRIBUTION, ETC. (IMPRINT) | |
| Place of publication, distribution, etc. | दिल्ली |
| Name of publisher, distributor, etc. | ऋचा साहित्य सदन |
| Date of publication, distribution, etc. | 2012 |
| 350 ## - PRICE (NR) (BK AM CF MU VM SE) [OBSOLETE] | |
| Price | 395 |
| 650 ## - SUBJECT ADDED ENTRY--TOPICAL TERM | |
| Topical term or geographic name as entry element | चिल्ड्रन बुक |
| 9 (RLIN) | 159 |
| 942 ## - ADDED ENTRY ELEMENTS (KOHA) | |
| Koha item type | Hindi Books |
| Call number prefix | 741.642 |
| Source of classification or shelving scheme | |
| Withdrawn status | Lost status | Source of classification or shelving scheme | Damaged status | Not for loan | Home library | Current library | Date acquired | Cost, normal purchase price | Total Checkouts | Full call number | Barcode | Date last seen | Date last checked out | Uniform Resource Identifier | Price effective from | Koha item type |
|---|---|---|---|---|---|---|---|---|---|---|---|---|---|---|---|---|
| MACL | MACL | 18/01/2018 | 395.00 | 2 | 741.642 BOOK | CRH029913 | 14/10/2017 | 04/04/2017 | 48145 | 15/04/2015 | Books |









